Pengukuran bahan : Amalan dan pentdbiran
| Main Author: | |
|---|---|
| Format: | Book |
| Published: |
Kuala Lumpur :
Dewan Bahasa dan Pustaka ,
1994
|
| Subjects: |
MARC
| LEADER | 00000cam a2200000 7i4500 | ||
|---|---|---|---|
| 001 | 0000000311 | ||
| 005 | 20050615.0 | ||
| 020 | |a 9836241515 | ||
| 040 | |a INS | ||
| 090 | 0 | 0 | |a TH435 |b T944 1994 |
| 100 | 1 | |a Turner, Dennis F. | |
| 245 | 1 | 0 | |a Pengukuran bahan : |b Amalan dan pentdbiran |c Dennis F. Turner |
| 260 | |a Kuala Lumpur : |b Dewan Bahasa dan Pustaka , |c 1994 | ||
| 300 | |a 334ms | ||
| 650 | 0 | 0 | |a Building |x Estimates |z Great Bratain |
| 999 | |a 0000006509 |b BOOK |c Open Shelf |e Default branch | ||